000 00552nam a22001577a 4500
003 macl
005 20190505131719.0
008 190505b xxu||||| |||| 00| 0 eng d
040 _cmacl
082 _a720
100 _aडॉ रूचि श्रीवास्‍तव
_974781
245 _aप्राचीन भारत में शिल्‍प शिक्षा का विकास
260 _aवाराणसी
_bकला प्रकाशन
_c2015
650 _aशिल्‍पकला
_974782
942 _2ddc
_cHIN
999 _c59702
_d59702